ABC's of relationship selling through service (Record no. 348001)

000 -LEADER
fixed length control field 00429 a2200169 4500
020 ## - INTERNATIONAL STANDARD BOOK NUMBER
International Standard Book Number 0071112359
022 ## - INTERNATIONAL STANDARD SERIAL NUMBER
International Standard Serial Number 9780071112352
082 ## - DEWEY DECIMAL CLASSIFICATION NUMBER
Classification number 658.85
090 ## - LOCALLY ASSIGNED LC-TYPE CALL NUMBER (OCLC); LOCAL CALL NUMBER (RLIN)
-- 5597
-- 5597
100 ## - MAIN ENTRY--PERSONAL NAME
Personal name Futrell,Charles M.
245 ## - TITLE STATEMENT
Title ABC's of relationship selling through service
Statement of responsibility, etc. Charles M.Futrell
250 ## - EDITION STATEMENT
Edition statement 8th
260 ## - PUBLICATION, DISTRIBUTION, ETC.
Place of publication, distribution, etc. New York
Name of publisher, distributor, etc. McGraw-Hill
Date of publication, distribution, etc. 2005
300 ## - PHYSICAL DESCRIPTION
Extent 548p
500 ## - GENERAL NOTE
General note Paper cover
942 ## - ADDED ENTRY ELEMENTS (KOHA)
Institution code [OBSOLETE] NBS
Koha item type Book
Call number prefix 658.85 FUT
Holdings
Withdrawn status Lost status Damaged status Not for loan Permanent Location Current Location Date acquired Total Checkouts Full call number Barcode Date last seen Price effective from Koha item type
        Central Library (CL) Central Library (CL) 08/28/2013   658.85 FUT NBS6739 08/28/2013 08/28/2013 Book
© 2023 Central Library, National University of Sciences and Technology. All Rights Reserved.